| 000 | 01030nam a2200301 i 4500 | ||
|---|---|---|---|
| 001 | bg | ||
| 003 | BPK | ||
| 005 | 20220512130823.0 | ||
| 008 | 070608s1971 pl a f |000 0 pol | ||
| 015 | _aPB 1972/875 | ||
| 040 |
_aWA N _cBPK |
||
| 080 | _a621.3 | ||
| 080 | _a(075.8) | ||
| 100 | 1 |
_aOsiowski, Jerzy _d(1927- 2013) _eAutor |
|
| 245 | 1 | 0 |
_aTeoria obwodów. _nT. 2 / _cJerzy Osiowski. |
| 260 |
_aWarszawa : _bWydawnictwa Naukowo-Techniczne, _c1971. |
||
| 300 |
_a260 s., [3] s. tabl. : _bil., err. ; _c23 cm. |
||
| 490 | 1 | _aPodręczniki Akademickie. Elektronika. | |
| 504 | _aBibliogr. | ||
| 580 | _aT. 1 pod hasłem: Rajski, Czesław. | ||
| 650 | 4 | _aObwód elektryczny | |
| 655 | 4 | _aPodręczniki akademickie | |
| 658 | _aInżynieria i technika | ||
| 710 | 2 |
_aWydawnictwa Naukowo-Techniczne _4pbl. |
|
| 856 |
_uhttp://koha.tu.koszalin.pl/cgi-bin/koha/opac-detail.pl?biblionumber=7298 _yKatalog online BPK |
||
| 830 | 0 |
_aPodręczniki Akademickie. _pElektronika |
|
| 942 |
_2UKD _cKS |
||
| 999 |
_c7298 _d7298 |
||